Palestine picture, (Record no. 552702)
[ view plain ]
| 000 -LEADER | |
|---|---|
| fixed length control field | 00511cam a22001691 4500 |
| 082 ## - DEWEY DECIMAL CLASSIFICATION NUMBER | |
| Classification number | 956.94 |
| Author Mark | DUF |
| -- | D |
| 100 1# - MAIN ENTRY--PERSONAL NAME | |
| Personal name | Duff, Douglas V. |
| 9 (RLIN) | 49958 |
| 245 10 - TITLE STATEMENT | |
| Title | Palestine picture, |
| Statement of responsibility, etc. | by Douglas Duff. |
| 260 ## - PUBLICATION, DISTRIBUTION, ETC. | |
| Place of publication, distribution, etc. | London, |
| Name of publisher, distributor, etc. | Hodder & Stoughton, |
| Date of publication, distribution, etc. | 1936. |
| 300 ## - PHYSICAL DESCRIPTION | |
| Extent | 3 p. l., 3-318 p. |
| Other physical details | front. (map) |
| Dimensions | 23 cm. |
| 526 ## - STUDY PROGRAM INFORMATION NOTE | |
| Program name | 0 |
| Interest level | 0 |
| Reading level | 0 |
| Title point value | 956_940000000000000_DUF |
| 650 #0 - SUBJECT ADDED ENTRY--TOPICAL TERM | |
| Topical term or geographic name entry element | Jews |
| General subdivision | Restoration. |
| 9 (RLIN) | 49959 |
| 650 #0 - SUBJECT ADDED ENTRY--TOPICAL TERM | |
| Topical term or geographic name entry element | Jews |
| Geographic subdivision | Palestine. |
| 9 (RLIN) | 49960 |
| 650 #0 - SUBJECT ADDED ENTRY--TOPICAL TERM | |
| Topical term or geographic name entry element | MCE |
| 9 (RLIN) | 379 |
| 650 #0 - SUBJECT ADDED ENTRY--TOPICAL TERM | |
| Topical term or geographic name entry element | Palestinian Arabs. |
| 9 (RLIN) | 27196 |
| 942 ## - ADDED ENTRY ELEMENTS (KOHA) | |
| Source of classification or shelving scheme | |
| Koha item type | Book |
| Withdrawn status | Lost status | Source of classification or shelving scheme | Damaged status | Not for loan | Permanent Location | Current Location | Shelving location | Date acquired | Total Checkouts | Full call number | Barcode | Date last seen | Price effective from | Koha item type |
|---|---|---|---|---|---|---|---|---|---|---|---|---|---|---|
| Military College of Engineering (MCE) | Military College of Engineering (MCE) | 01/21/2015 | 956.94 DUF | MCE-ECP.13 | 01/21/2015 | 01/21/2015 | Book |
